000
00323nam a22001457a 4500
008
210309b ||||| |||| 00| 0 eng d
020
_a
9780132771580
041
_a
eng
080
_2
2nd
_a
330.722.6
082
_a
330.722.6
100
_a
61
101
_a
KF
245
_a
Financial Accounting
_c
Kemp, R
942
_2
udc
_c
BK
999
_c
56090
_d
56090